[Event "DVM U10 2015"]
[Site "Magdeburg GER"]
[Date "2015.12.29"]
[Round "6"]
[White "Wusterack, Paul"]
[Black "Schmidt, Pauline"]
[Result "1/2-1/2"]
[Termination "normal"]
[Board "5.2"]
[WhiteElo "990"]
[BlackElo "1142"]
[WhiteTeam "SC Turm Lüneburg"]
[BlackTeam "SG Blau-Weiß Stadtilm 1"]
[PlyCount "72"]
[WhiteFideId "16255356"]
[BlackFideId "16209850"]
[EventCountry "GER"]
[EventRounds "7"]
[EventType "team-swiss"]
[EventDate "2015.12.27"]

1. e4 e5 2. Nf3 Nc6 3. Bc4 Bc5 4. O-O Nf6 5. Nc3 d6 6. h3 Be6 7. d3 h6 8. Bxe6
fxe6 9. Qe2 Qd7 10. Be3 Bb6 11. Bxb6 axb6 12. Rfe1 O-O 13. b3 Nd4 14. Nxd4 exd4
15. Nd1 e5 16. c3 dxc3 17. Nxc3 c6 18. a4 Qf7 19. Qa2 Qg6 20. b4+ Kh8 21. b5 c5
22. Nd5 Nxd5 23. Qxd5 Rf7 24. Re3 Raf8 25. Rg3 Qh5 26. Qa2 Ra8 27. f3 Rf4 28.
Qe6 Rf6 29. Qg4 Qxg4 30. hxg4 Rc8 31. a5 Ra8 32. a6 bxa6 33. bxa6 Rf7 34. g5
hxg5 35. Rxg5 Rfa7 36. Rg6 Rd7 1/2-1/2

[Event "DVM U10 2015"]
[Site "Magdeburg GER"]
[Date "2015.12.29"]
[Round "6"]
[White "Junghans, Richard"]
[Black "Nitsche, Nikolai"]
[Result "0-1"]
[Termination "normal"]
[Board "6.1"]
[WhiteElo "1188"]
[BlackElo "1227"]
[WhiteTeam "BSG Grün-Weiß Leipzig 1"]
[BlackTeam "SV Empor Berlin"]
[PlyCount "62"]
[WhiteFideId "16214544"]
[BlackFideId "16221036"]
[EventCountry "GER"]
[EventRounds "7"]
[EventType "team-swiss"]
[EventDate "2015.12.27"]

1. e4 c5 2. d4 cxd4 3. Nf3 Nf6 4. Qxd4 Nc6 5. Qd3 d6 6. Nc3 g6 7. Be3 Bg7 8.
Qd2 a6 9. Bd3 b5 10. Bh6 O-O 11. Bxg7 Kxg7 12. h3 Bb7 13. a3 Rc8 14. Qe3 d5 15.
O-O-O d4 16. Qd2 dxc3 17. Qxc3 Qb6 18. Rdf1 Na5 19. Nd2 Rxc3 20. bxc3 Rc8 21.
Kb2 Nc4+ 22. Bxc4 bxc4+ 23. Kc1 Nxe4 24. Nxe4 Bxe4 25. Re1 Bxg2 26. Rh2 Qxf2
27. Rd1 Qf4+ 28. Kb1 Rb8+ 29. Ka2 Qxh2 30. Rc1 Qc7 31. a4 Qb7 0-1

[Event "DVM U10 2015"]
[Site "Magdeburg GER"]
[Date "2015.12.29"]
[Round "6"]
[White "Eulenstein, Conrad"]
[Black "Lindner, Ben"]
[Result "1-0"]
[Termination "normal"]
[Board "6.2"]
[WhiteElo "1061"]
[BlackElo "1133"]
[WhiteTeam "SV Empor Berlin"]
[BlackTeam "BSG Grün-Weiß Leipzig 1"]
[PlyCount "27"]
[BlackFideId "16214552"]
[EventCountry "GER"]
[EventRounds "7"]
[EventType "team-swiss"]
[EventDate "2015.12.27"]

1. e4 e5 2. Nf3 Nc6 3. Bc4 Bc5 4. Nc3 Nf6 5. d4 d6 6. Bg5 h6 7. Bh4 Bg4 8. h3
Bh5 9. g4 Bg6 10. Nd5 Nxd4 11. c3 Ne6 12. Nxf6+ gxf6 13. Ng1 b6 14. Nf3 {nicht
nachvollziehbar} 1-0

[Event "DVM U10 2015"]
[Site "Magdeburg GER"]
[Date "2015.12.29"]
[Round "6"]
[White "Müller, Luca"]
[Black "Güldenpfennig, Carl"]
[Result "0-1"]
[Termination "normal"]
[Board "6.4"]
[WhiteElo "848"]
[BlackElo "1049"]
[WhiteTeam "SV Empor Berlin"]
[BlackTeam "BSG Grün-Weiß Leipzig 1"]
[PlyCount "40"]
[WhiteFideId "16236130"]
[EventCountry "GER"]
[EventRounds "7"]
[EventType "team-swiss"]
[EventDate "2015.12.27"]

1. d4 d5 2. Nc3 e6 3. Bf4 f5 4. e3 Nf6 5. Bb5+ c6 6. Ba4 Nbd7 7. Nf3 Be7 8. Qe2
O-O 9. O-O Ne4 10. Nxe4 fxe4 11. Ne5 Bf6 12. Nxd7 Bxd7 13. b4 b5 14. Bb3 Qe7
15. c3 Be8 16. Qg4 Bg6 17. Qg3 Bh4 18. Bd6 Bxg3 19. Bxe7 Rfe8 20. hxg3 Rxe7 0-1

[Event "DVM U10 2015"]
[Site "Magdeburg GER"]
[Date "2015.12.29"]
[Round "6"]
[White "Kraftsik, Christian"]
[Black "Schlie, Johann"]
[Result "1/2-1/2"]
[Termination "normal"]
[Board "7.1"]
[WhiteElo "1271"]
[BlackElo "1204"]
[WhiteTeam "SC Vaterstetten"]
[BlackTeam "Hagener SV"]
[PlyCount "36"]
[WhiteFideId "16242548"]
[BlackFideId "16211596"]
[EventCountry "GER"]
[EventRounds "7"]
[EventType "team-swiss"]
[EventDate "2015.12.27"]

1. e4 d5 2. exd5 Qxd5 3. Nc3 Qa5 4. Nf3 Bg4 5. h3 Bh5 6. d4 Nf6 7. Bd2 e6 8.
Bd3 c6 9. Qe2 Qc7 10. Qe3 Bd6 11. Ne4 Nbd7 12. c4 O-O 13. c5 Be7 14. O-O Nd5
15. Qe2 e5 16. Bc3 Nf4 17. Qe3 Nd5 18. Qe2 Nf4 1/2-1/2

[Event "DVM U10 2015"]
[Site "Magdeburg GER"]
[Date "2015.12.29"]
[Round "6"]
[White "Brunner, Alexander"]
[Black "Menzner, Paul"]
[Result "1-0"]
[Termination "normal"]
[Board "7.2"]
[WhiteElo "1222"]
[BlackElo "1007"]
[WhiteTeam "Hagener SV"]
[BlackTeam "SC Vaterstetten"]
[PlyCount "109"]
[WhiteFideId "12965278"]
[EventCountry "GER"]
[EventRounds "7"]
[EventType "team-swiss"]
[EventDate "2015.12.27"]

1. e4 d5 2. exd5 Qxd5 3. Nc3 Qa5 4. d4 Nf6 5. Bd2 Qb6 6. Nf3 Qxb2 7. Rb1 Qa3 8.
Nb5 Qa4 9. Nxc7+ Kd8 10. Nxa8 Nc6 11. Bb5 Qxa2 12. Ra1 Qe6+ 13. Be3 a6 14. Bxc6
Qxc6 15. O-O b5 16. Ne5 Qe6 17. Qd3 Rg8 18. Qc3 Nd5 19. Qa5+ Ke8 20. c4 bxc4
21. Qxd5 Qxd5 22. Nc7+ Kd8 23. Nxd5 e6 24. Nc6+ Ke8 25. Nb6 Bb7 26. Ne5 f6 27.
Nexc4 g5 28. f3 f5 29. Rfe1 g4 30. f4 g3 31. h3 Bh6 32. Nd6+ Ke7 33. Nxb7 Rb8
34. d5 Rxb7 35. dxe6 Kxe6 36. Bc5+ Kf6 37. Nd5+ Kg6 38. Rxa6+ Kg7 39. Re7+ Rxe7
40. Nxe7 Bxf4 41. Nxf5+ Kf7 42. Ra7+ Kf6 43. Nd4 Be3+ 44. Kf1 Bf2 45. Ra6+ Kf7
46. Nb3 Bxc5 47. Nxc5 Ke7 48. Ke2 Kf7 49. Ke3 Ke7 50. Ke4 h5 51. Kd5 h4 52. Rb6
Kd8 53. Rb7 Kc8 54. Kd6 Kd8 55. Rb8# 1-0

[Event "DVM U10 2015"]
[Site "Magdeburg GER"]
[Date "2015.12.29"]
[Round "6"]
[White "Lerchl, Clemens"]
[Black "Maul, Maik"]
[Result "1-0"]
[Termination "normal"]
[Board "7.3"]
[WhiteElo "963"]
[BlackElo "1378"]
[WhiteTeam "SC Vaterstetten"]
[BlackTeam "Hagener SV"]
[PlyCount "67"]
[WhiteFideId "16226372"]
[BlackFideId "16204816"]
[EventCountry "GER"]
[EventRounds "7"]
[EventType "team-swiss"]
[EventDate "2015.12.27"]

1. e4 e5 2. Nf3 Nc6 3. d4 exd4 4. Nxd4 Qf6 5. Be3 Bc5 6. c3 Nge7 7. Nd2 d6 8.
N2b3 Be6 9. Nxc5 dxc5 10. Nxe6 fxe6 11. Bxc5 b6 12. Bd4 Nxd4 13. Qxd4 O-O 14.
Qxf6 Rxf6 15. Bc4 Raf8 16. O-O Nc8 17. Rad1 c6 18. e5 Rf5 19. Bxe6+ Kh8 20.
Bxf5 Ne7 21. Bc2 Nd5 22. Bb3 Nf4 23. g3 Nh3+ 24. Kg2 Ng5 25. f4 Ne4 26. Rfe1
Nc5 27. e6 Re8 28. e7 Nb7 29. Bf7 Nd6 30. Rxd6 h6 31. Rd8 Rxd8 32. exd8=Q+ Kh7
33. Qe8 c5 34. Bg6# 1-0

[Event "DVM U10 2015"]
[Site "Magdeburg GER"]
[Date "2015.12.29"]
[Round "6"]
[White "Schönfeld, Fynn"]
[Black "Promeuschel, Oskar"]
[Result "1-0"]
[Termination "normal"]
[Board "7.4"]
[WhiteElo "1306"]
[BlackElo "787"]
[WhiteTeam "Hagener SV"]
[BlackTeam "SC Vaterstetten"]
[PlyCount "90"]
[WhiteFideId "16204859"]
[EventCountry "GER"]
[EventRounds "7"]
[EventType "team-swiss"]
[EventDate "2015.12.27"]

1. d4 d5 2. Nf3 Bg4 3. Bf4 Nc6 4. e3 Nf6 5. Bb5 e6 6. Nc3 Bb4 7. Bxc6+ bxc6 8.
O-O Bxc3 9. bxc3 O-O 10. Re1 Bf5 11. Ne5 Qd6 12. Ng6 Qd8 13. Nxf8 Qxf8 14. Bxc7
Ne4 15. f3 Nxc3 16. Qd2 Nb5 17. Bf4 Na3 18. e4 dxe4 19. fxe4 Bg4 20. Rac1 Nc4
21. Qc3 Nb6 22. Qxc6 Rc8 23. Qd6 Qe8 24. d5 h6 25. c3 Nc4 26. Qb4 a5 27. Qb3
Nd2 28. Bxd2 Rb8 29. Qc2 Qd8 30. Bf4 Qb6+ 31. Qf2 Qxf2+ 32. Kxf2 Rb2+ 33. Kg1
exd5 34. exd5 g5 35. Be5 Rd2 36. c4 Bd7 37. d6 Kh7 38. c5 Kg8 39. c6 Bg4 40. d7
Kh7 41. h3 Bf5 42. Red1 Re2 43. c7 Bxd7 44. Rxd7 Rxe5 45. c8=Q Kg6 1-0

[Event "DVM U10 2015"]
[Site "Magdeburg GER"]
[Date "2015.12.29"]
[Round "6"]
[White "Lutz, Ruben"]
[Black "Stackfleth, Jarno"]
[Result "1-0"]
[Termination "normal"]
[Board "8.1"]
[WhiteElo "1693"]
[BlackElo "940"]
[WhiteTeam "USV TU Dresden 1"]
[BlackTeam "Schachzwerge Magdeburg 2"]
[PlyCount "73"]
[WhiteFideId "12975974"]
[BlackFideId "16252144"]
[EventCountry "GER"]
[EventRounds "7"]
[EventType "team-swiss"]
[EventDate "2015.12.27"]

1. d4 d5 2. c4 e6 3. cxd5 exd5 4. Nc3 Nf6 5. Bg5 Be7 6. e3 c6 7. Bd3 O-O 8. Nf3
Nbd7 9. O-O Re8 10. Qc2 Nf8 11. Rab1 Ng6 12. Bxf6 Bxf6 13. h3 Qe7 14. b4 Bd7
15. a4 Rad8 16. Rfc1 Rc8 17. Qa2 Qe6 18. b5 Rb8 19. bxc6 Bxc6 20. Nb5 a6 21.
Nc7 Qd7 22. Nxe8 Qxe8 23. Bxa6 Qd8 24. Bb5 Bxb5 25. Rxb5 Qe7 26. Qxd5 Rd8 27.
Qxb7 Rd7 28. Qa8+ Rd8 29. Rb8 Qe8 30. Rxd8 Bxd8 31. Rc8 Nf8 32. Rxd8 Qxd8 33.
Qxd8 h6 34. Ne5 g6 35. Nd7 Kh7 36. Qxf8 h5 37. Nf6# 1-0

[Event "DVM U10 2015"]
[Site "Magdeburg GER"]
[Date "2015.12.29"]
[Round "6"]
[White "Weber, Willi"]
[Black "Lutz, Adam"]
[Result "0-1"]
[Termination "normal"]
[Board "8.2"]
[WhiteElo "905"]
[BlackElo "1423"]
[WhiteTeam "Schachzwerge Magdeburg 2"]
[BlackTeam "USV TU Dresden 1"]
[PlyCount "68"]
[BlackFideId "16226615"]
[EventCountry "GER"]
[EventRounds "7"]
[EventType "team-swiss"]
[EventDate "2015.12.27"]

1. e4 c5 2. Nf3 e6 3. d4 cxd4 4. Nxd4 Nf6 5. Bg5 Qa5+ 6. Qd2 Qxd2+ 7. Nxd2 a6
8. Bxf6 gxf6 9. Bc4 Rg8 10. g3 b5 11. Bb3 Bb7 12. O-O-O Bh6 13. f3 Be3 14. c3
Nc6 15. Nxc6 Bxc6 16. Rhe1 Bb6 17. c4 Rc8 18. g4 Ke7 19. h3 Bf2 20. Re2 Bg3 21.
a3 Bf4 22. h4 bxc4 23. Bxc4 Ba4 24. Rf1 Rxc4+ 25. Kb1 Rc2 26. Rd1 Rxb2+ 27.
Kxb2 Bxd1 28. Rf2 Bxd2 29. Rxd2 Bxf3 30. g5 fxg5 31. hxg5 Rxg5 32. Rd4 Rg4 33.
Kc2 Bxe4+ 34. Rxe4 Rxe4 0-1

[Event "DVM U10 2015"]
[Site "Magdeburg GER"]
[Date "2015.12.29"]
[Round "6"]
[White "Nguyen, Phuong Thao Vivien"]
[Black "Currenti, Gianluca"]
[Result "1-0"]
[Termination "normal"]
[Board "8.3"]
[WhiteElo "1333"]
[BlackElo "819"]
[WhiteTeam "USV TU Dresden 1"]
[BlackTeam "Schachzwerge Magdeburg 2"]
[PlyCount "61"]
[WhiteFideId "16210735"]
[EventCountry "GER"]
[EventRounds "7"]
[EventType "team-swiss"]
[EventDate "2015.12.27"]

1. e4 e5 2. Nf3 Nc6 3. Bc4 Bc5 4. O-O Nf6 5. d4 exd4 6. e5 Ne4 7. Re1 d5 8.
exd6 O-O 9. Rxe4 Qxd6 10. Bf4 Qg6 11. Re1 Bh3 12. Bg3 Bg4 13. Bd3 Qh5 14. Be4
Ne5 15. Bxe5 Bxf3 16. Bxf3 Qf5 17. Be4 Qe6 18. Bg3 Qf6 19. Qh5 h6 20. Qxc5 Rae8
21. Nd2 Qg5 22. Qxg5 hxg5 23. Bxc7 Re6 24. Bf3 Rfe8 25. Rxe6 Rxe6 26. Bg3 b5
27. Kf1 b4 28. Re1 Ra6 29. Re8+ Kh7 30. Be4+ Kh6 31. Rh8# 1-0

[Event "DVM U10 2015"]
[Site "Magdeburg GER"]
[Date "2015.12.29"]
[Round "6"]
[White "Pietsch, Julius"]
[Black "Hoffmann, Siegfried"]
[Result "0-1"]
[Termination "normal"]
[Board "9.1"]
[WhiteElo "1344"]
[BlackElo "1346"]
[WhiteTeam "SV Roter Turm Halle 1"]
[BlackTeam "USC Magdeburg 1"]
[PlyCount "57"]
[WhiteFideId "12985660"]
[BlackFideId "16252268"]
[EventCountry "GER"]
[EventRounds "7"]
[EventType "team-swiss"]
[EventDate "2015.12.27"]

1. e4 e5 2. Nf3 Nc6 3. Bc4 Bc5 4. Nc3 d6 5. h3 Be6 6. Bb3 Nf6 7. d3 h6 8. Be3
Bb6 9. O-O Qd7 10. Bxe6 fxe6 11. Qd2 Bxe3 12. fxe3 O-O-O 13. d4 Rhf8 14. a4 g5
15. dxe5 Nxe5 16. Nxe5 dxe5 17. Qxd7+ Rxd7 18. Rf2 a6 19. Raf1 Rdf7 20. b4 c6
21. Ne2 Kd7 22. c4 Ke7 23. Ng3 h5 24. Ne2 Nxe4 25. Rxf7+ Rxf7 26. Rc1 Nd6 27.
Nc3 Nxc4 28. Ne4 Nxe3 29. Nxg5 {Rest nicht nachvollziehbar} 0-1

[Event "DVM U10 2015"]
[Site "Magdeburg GER"]
[Date "2015.12.29"]
[Round "6"]
[White "Khanbekyan, Areg"]
[Black "Pietsch, Johann"]
[Result "0-1"]
[Termination "normal"]
[Board "9.2"]
[WhiteElo "1154"]
[BlackElo "1110"]
[WhiteTeam "USC Magdeburg 1"]
[BlackTeam "SV Roter Turm Halle 1"]
[PlyCount "90"]
[WhiteFideId "12993727"]
[BlackFideId "12987000"]
[EventCountry "GER"]
[EventRounds "7"]
[EventType "team-swiss"]
[EventDate "2015.12.27"]

1. e4 e5 2. Nf3 Nc6 3. d4 d5 4. exd5 Qxd5 5. dxe5 Qe4+ 6. Qe2 Bf5 7. c3 Qxe2+
8. Bxe2 Bc5 9. O-O O-O-O 10. Bg5 Re8 11. Bf4 f6 12. exf6 Nxf6 13. Bc4 Re4 14.
Bxc7 Kxc7 15. Bd3 Rf4 16. Bxf5 Rxf5 17. Nbd2 g5 18. h3 h5 19. Nb3 g4 20. Nh4
Rg5 21. Nxc5 Rxc5 22. Rfe1 Rg5 23. Re6 Nd7 24. Rd1 gxh3 25. Red6 Rg7 26. Nf5
Rxg2+ 27. Kh1 Nde5 28. Ne3 Rxf2 29. R6d2 Rxd2 30. Rxd2 Rg8 31. Rf2 Ng4 32. Nxg4
hxg4 33. Rf7+ Kd6 34. Rf6+ Ke7 35. Rf4 g3 36. Rh4 g2+ 37. Kg1 Rg3 38. b4 Ne5
39. Rf4 Ng4 40. Rxg4 Rxg4 41. c4 h2+ 42. Kf2 g1=Q+ 43. Ke2 Qd4 44. Kf1 Qd2 45.
a4 Rg1# 0-1

[Event "DVM U10 2015"]
[Site "Magdeburg GER"]
[Date "2015.12.29"]
[Round "6"]
[White "Kuppe, Eugen"]
[Black "Pikalow, Michael"]
[Result "0-1"]
[Termination "normal"]
[Board "9.3"]
[WhiteElo "933"]
[BlackElo "1185"]
[WhiteTeam "SV Roter Turm Halle 1"]
[BlackTeam "USC Magdeburg 1"]
[PlyCount "102"]
[BlackFideId "16227638"]
[EventCountry "GER"]
[EventRounds "7"]
[EventType "team-swiss"]
[EventDate "2015.12.27"]

1. d4 Nf6 2. c4 d5 3. Nc3 b6 4. e3 e6 5. Bd3 c5 6. Nf3 Bb7 7. Bd2 Nc6 8. a3 a6
9. Qc2 Bd6 10. O-O-O dxc4 11. Bxc4 b5 12. Qb3 Na5 13. Qc2 bxc4 14. Qa4+ Bc6 15.
Qc2 Nb3+ 16. Kb1 Rb8 17. dxc5 Bxc5 18. Ne5 Ba8 19. Be1 Qc7 20. Nxc4 Be7 21. f3
Qxc4 22. Bg3 Rb6 23. e4 Bxa3 24. Qd3 Qxd3+ 25. Rxd3 Nc5 26. Rd2 Nb3 27. Rd3
Bxb2 28. Kxb2 Nc5+ 29. Kc2 Nxd3 30. Kxd3 O-O 31. Ke3 Rb3 32. Kd4 Rd8+ 33. Kc4
Rb2 34. Rg1 a5 35. Bc7 Rc8 36. Nb5 Bc6 37. Bxa5 Bxb5+ 38. Kd4 Ba6 39. Ke3 Re2+
40. Kf4 g5+ 41. Kg3 h5 42. h3 h4+ 43. Kh2 Rcc2 44. Kh1 Nh5 45. Bd8 Nf4 46. Bxg5
Nxh3 47. Kh2 Nxg1 48. Kxg1 Rxg2+ 49. Kh1 Rxg5 50. e5 Rxe5 51. f4 Re1# 0-1

[Event "DVM U10 2015"]
[Site "Magdeburg GER"]
[Date "2015.12.29"]
[Round "6"]
[White "Schiffner, Robin"]
[Black "Meurer, Calvin"]
[Result "0-1"]
[Termination "normal"]
[Board "9.4"]
[WhiteElo "1320"]
[BlackElo "1106"]
[WhiteTeam "USC Magdeburg 1"]
[BlackTeam "SV Roter Turm Halle 1"]
[PlyCount "48"]
[WhiteFideId "16210328"]
[EventCountry "GER"]
[EventRounds "7"]
[EventType "team-swiss"]
[EventDate "2015.12.27"]

1. e4 d5 2. d3 d4 3. Nf3 Nc6 4. Be2 e5 5. Bd2 Bd6 6. O-O Nf6 7. c3 Bc5 8. Qc2
Be6 9. Bg5 O-O 10. Nbd2 Be7 11. Nc4 h6 12. Bh4 Bxc4 13. dxc4 Nd7 14. Bg3 Bf6
15. Rfd1 Re8 16. Bh4 Bxh4 17. Nxh4 Qxh4 18. Qb3 Nc5 19. Qb5 Nxe4 20. Rf1 Rab8
21. f3 a6 22. Qa4 dxc3 23. bxc3 Nxc3 24. Qc2 e4 {Rest nicht nachvollziehbar}
0-1

[Event "DVM U10 2015"]
[Site "Magdeburg GER"]
[Date "2015.12.29"]
[Round "6"]
[White "Eilenberg, Jonas"]
[Black "Costa, Leonardo"]
[Result "1/2-1/2"]
[Termination "normal"]
[Board "10.1"]
[WhiteElo "1494"]
[BlackElo "1584"]
[WhiteTeam "Schachpinguine Berlin 1"]
[BlackTeam "SK München Südost"]
[PlyCount "114"]
[WhiteFideId "16204271"]
[BlackFideId "16213955"]
[EventCountry "GER"]
[EventRounds "7"]
[EventType "team-swiss"]
[EventDate "2015.12.27"]

1. d4 d5 2. c4 e6 3. Nc3 Nf6 4. cxd5 exd5 5. Bg5 Be7 6. e3 c5 7. dxc5 Qa5 8.
Qa4+ Qxa4 9. Nxa4 O-O 10. f3 h6 11. Bh4 Nc6 12. Bd3 Ne5 13. Bc2 Nc4 14. Ke2 Be6
15. b3 Ne5 16. f4 Ned7 17. b4 Rac8 18. f5 Rc6 19. fxe6 Rxe6 20. Bf5 Re5 21.
Bxd7 Nxd7 22. Bxe7 Rxe7 23. Nf3 Rfe8 24. Kf2 Rxe3 25. Rhe1 Nf6 26. Rxe3 Ng4+
27. Kg3 Nxe3 28. Re1 Re6 29. Nb2 Rg6+ 30. Kf2 Rxg2+ 31. Kxe3 Rxb2 32. Kd4 Rxb4+
33. Kxd5 Rb2 34. Re7 Kf8 35. Kd6 Rf2 36. Kd7 g5 37. Re8+ Kg7 38. Ne5 Rxa2 39.
Rb8 Rc2 40. Nxf7 Kxf7 41. Rxb7 Rxh2 42. Rxa7 Rd2+ 43. Kc8+ Ke6 44. c6 Rb2 45.
c7 h5 46. Rb7 Ra2 47. Kb8 Rc2 48. c8=Q+ Rxc8+ 49. Kxc8 Kf5 50. Rb5+ Kf4 51. Kd7
h4 52. Ke6 h3 53. Rf5+ Kg4 54. Kf6 h2 55. Rxg5+ Kf3 56. Rh5 Kg2 57. Rg5+ Kf3
1/2-1/2

[Event "DVM U10 2015"]
[Site "Magdeburg GER"]
[Date "2015.12.29"]
[Round "6"]
[White "Klonov, Jakov"]
[Black "Schenk, Jannik"]
[Result "0-1"]
[Termination "normal"]
[Board "10.2"]
[WhiteElo "1133"]
[BlackElo "809"]
[WhiteTeam "SK München Südost"]
[BlackTeam "Schachpinguine Berlin 1"]
[PlyCount "124"]
[WhiteFideId "16211928"]
[BlackFideId "16204344"]
[EventCountry "GER"]
[EventRounds "7"]
[EventType "team-swiss"]
[EventDate "2015.12.27"]

1. e4 d5 2. exd5 Nf6 3. c4 c6 4. d4 cxd5 5. cxd5 Nxd5 6. Nf3 Nc6 7. Bd3 g6 8.
O-O Bg7 9. Bc4 Be6 10. Ng5 Qd6 11. Nf3 O-O 12. Re1 Nf6 13. Na3 a6 14. Bxe6 fxe6
15. Ng5 Nxd4 16. Be3 Nf5 17. Qxd6 exd6 18. Nxe6 Rf7 19. Nxg7 Kxg7 20. Bg5 h6
21. Bxf6+ Rxf6 22. Rad1 Rd8 23. Nc4 d5 24. Re5 d4 25. Re2 b5 26. Na3 b4 27. Nb1
Rc6 28. h4 b3 29. Red2 Rc2 30. a3 Re8 31. Kf1 d3 32. Rxd3 Ree2 33. R3d2 Rexd2
34. Nxd2 Rxb2 35. Nb1 Ne7 36. f3 Nc8 37. g3 Nb6 38. a4 Rc2 39. g4 Nxa4 40. Rd7+
Kf6 41. Rd1 Nb2 42. Kg1 Nxd1 43. Kf1 Rc1 44. Nd2 Nc3+ 45. Kf2 Rc2 46. Ke3 Nd5+
47. Kd3 Ra2 48. Nxb3 Rb2 49. Kc4 Ne3+ 50. Kb4 Ra2 51. Kc3 Rf2 52. Kd3 Rxf3 53.
Ke2 Rh3 54. Kf2 Nd1+ 55. Kg2 Rxb3 56. Kh2 Ke5 57. Kg2 Kf4 58. Kh2 Kxg4 59. Kg2
Kf4 60. Kg1 Kg3 61. h5 Ne3 62. hxg6 Rb1# 0-1

[Event "DVM U10 2015"]
[Site "Magdeburg GER"]
[Date "2015.12.29"]
[Round "6"]
[White "Nguyen, Duc Minh"]
[Black "Glok, David"]
[Result "0-1"]
[Termination "normal"]
[Board "10.3"]
[WhiteElo "791"]
[BlackElo "996"]
[WhiteTeam "Schachpinguine Berlin 1"]
[BlackTeam "SK München Südost"]
[PlyCount "83"]
[BlackFideId "16226224"]
[EventCountry "GER"]
[EventRounds "7"]
[EventType "team-swiss"]
[EventDate "2015.12.27"]

1. e4 Nf6 2. Nc3 Nc6 3. Nf3 e5 4. Bc4 Bb4 5. d3 d5 6. exd5 Nd4 7. Nxd4 exd4 8.
Qe2+ Kf8 9. Bd2 dxc3 10. Bxc3 Bxc3+ 11. bxc3 Bg4 12. f3 Qd7 13. h3 Re8 14. d4
Rxe2+ 15. Bxe2 Bh5 16. g4 Bg6 17. O-O Qxd5 18. Rab1 b6 19. Rb5 Qxa2 20. Rfb1
Qxc2 21. R1b3 Qxe2 22. Rb2 Qe1+ 23. Kg2 Ke7 24. Re5+ Qxe5 25. dxe5 Nd5 26. c4
Ne3+ 27. Kf2 Nxc4 28. Re2 Ra8 29. h4 a5 30. h5 Bd3 31. Ra2 b5 32. f4 f6 33.
exf6+ gxf6 34. g5 b4 35. g6 Rh8 36. g7 Rg8 37. h6 b3 38. Ra1 b2 39. Re1+ Kf7
40. Rg1 b1=Q 41. Rxb1 Bxb1 42. Kg3 0-1

[Event "DVM U10 2015"]
[Site "Magdeburg GER"]
[Date "2015.12.29"]
[Round "6"]
[White "Senechal, Niklas Bennett"]
[Black "Rosenhain, Jonathan"]
[Result "1-0"]
[Termination "normal"]
[Board "11.1"]
[WhiteElo "992"]
[BlackElo "1222"]
[WhiteTeam "Lübecker SV von 1873"]
[BlackTeam "Schachpinguine Berlin 2"]
[PlyCount "57"]
[WhiteFideId "16231180"]
[BlackFideId "16212169"]
[EventCountry "GER"]
[EventRounds "7"]
[EventType "team-swiss"]
[EventDate "2015.12.27"]

1. d4 Nf6 2. c4 d5 3. Nc3 Nc6 4. Bg5 e6 5. a3 Be7 6. e3 h6 7. Bh4 Bd7 8. Nf3 a6
9. Bd3 Bd6 10. cxd5 exd5 11. Nxd5 Be7 12. Nxe7 Qxe7 13. O-O g5 14. Bg3 O-O-O
15. Rc1 g4 16. Nh4 Ne4 17. Bf4 Nxf2 18. Nf5 Nxd1 19. Nxe7+ Nxe7 20. Rfxd1 Bc6
21. Rf1 h5 22. Be5 Rhf8 23. Bg7 Rfe8 24. Rxf7 Bd5 25. Rff1 Nc6 26. Bf5+ Kb8 27.
Bf6 Rd6 28. Bg5 Rg8 29. Bf4 {nicht weiter nachvollziehbar} 1-0

[Event "DVM U10 2015"]
[Site "Magdeburg GER"]
[Date "2015.12.29"]
[Round "6"]
[White "Morczynski, Joachim"]
[Black "Jannsen, Mattis"]
[Result "1-0"]
[Termination "normal"]
[Board "11.2"]
[WhiteElo "1205"]
[BlackElo "895"]
[WhiteTeam "Schachpinguine Berlin 2"]
[BlackTeam "Lübecker SV von 1873"]
[PlyCount "85"]
[WhiteFideId "16209745"]
[EventCountry "GER"]
[EventRounds "7"]
[EventType "team-swiss"]
[EventDate "2015.12.27"]

1. e4 e5 2. Nc3 Nf6 3. f4 Nc6 4. Nf3 d6 5. Bb5 Bg4 6. h3 a6 7. Bxc6+ bxc6 8.
hxg4 d5 9. fxe5 Nxe4 10. Nxe4 dxe4 11. Ng1 Bc5 12. Ne2 f6 13. exf6 Qxf6 14. d4
Rf8 15. Be3 Rd8 16. Qd2 Bb6 17. O-O-O c5 18. Bg5 Qd6 19. Bxd8 Qxd8 20. dxc5
Qxd2+ 21. Rxd2 Bxc5 22. c3 Be3 23. Rxh7 Bxd2+ 24. Kxd2 Rf2 25. Rxg7 Rxg2 26.
Rxc7 Rxg4 27. Ke3 Rg2 28. Rc4 Kd7 29. Rxe4 Kc6 30. b4 Rh2 31. Kd4 Rh1 32. Re6+
Kb5 33. c4+ Kxb4 34. Rxa6 Rd1+ 35. Ke3 Kxc4 36. Ra4+ Kb5 37. Nc3+ Kc5 38. Nxd1
Kb5 39. Ra8 Kb4 40. a4 Kc5 41. Rb8 Kc6 42. a5 Kc7 43. Rb1 1-0

[Event "DVM U10 2015"]
[Site "Magdeburg GER"]
[Date "2015.12.29"]
[Round "6"]
[White "Saage, Paul"]
[Black "Gorodezki, Andrey"]
[Result "1-0"]
[Termination "normal"]
[Board "11.3"]
[WhiteElo "926"]
[BlackElo "1075"]
[WhiteTeam "Lübecker SV von 1873"]
[BlackTeam "Schachpinguine Berlin 2"]
[PlyCount "82"]
[WhiteFideId "16233891"]
[EventCountry "GER"]
[EventRounds "7"]
[EventType "team-swiss"]
[EventDate "2015.12.27"]

1. e4 e5 2. Nf3 Nc6 3. d4 exd4 4. Nxd4 Bc5 5. Be3 b6 6. Nxc6 dxc6 7. Qxd8+ Kxd8
8. Bxc5 bxc5 9. Bc4 Ke7 10. O-O Nf6 11. Nc3 Re8 12. e5 Ng4 13. f4 Ne3 14. Bxf7
Kxf7 15. Rf2 Kg8 16. g3 Bf5 17. Rc1 Rab8 18. Re2 Ng4 19. h3 Nh6 20. g4 Be6 21.
f5 Bc4 22. Re4 Bd5 23. Re3 Rxb2 24. Kf2 Bxa2 25. Nxa2 Rxa2 26. e6 Re7 27. Rc3
Ra5 28. Rd1 Kh8 29. g5 Ng8 30. Rd7 Ra4 31. Rxc5 Rf4+ 32. Kg3 Rf1 33. Rxc6 Rxf5
34. Rxe7 Nxe7 35. Rxc7 Rf8 36. Rxe7 Kg8 37. Rxa7 Re8 38. e7 Kf7 39. Kf4 Rxe7
40. Rxe7+ Kxe7 41. Ke5 Kd7 1-0

[Event "DVM U10 2015"]
[Site "Magdeburg GER"]
[Date "2015.12.29"]
[Round "6"]
[White "Mimkes, Antal"]
[Black "Pixa, Karl"]
[Result "0-1"]
[Termination "normal"]
[Board "12.1"]
[WhiteElo "961"]
[BlackElo "1134"]
[WhiteTeam "KSV Rochade Göttingen 1"]
[BlackTeam "SV Dresden-Striesen 1990"]
[PlyCount "86"]
[WhiteFideId "16265963"]
[BlackFideId "16240480"]
[EventCountry "GER"]
[EventRounds "7"]
[EventType "team-swiss"]
[EventDate "2015.12.27"]

1. e4 c5 2. d4 d6 3. d5 Nf6 4. Nc3 g6 5. Nf3 Bg4 6. h3 Bxf3 7. Qxf3 Bg7 8. Bc4
O-O 9. O-O Nbd7 10. Bf4 e5 11. dxe6 fxe6 12. Bxe6+ Kh8 13. Bg5 Ne5 14. Qf4 Qe8
15. Bxf6 Rxf6 16. Qd2 Rxe6 17. Nd5 Qd8 18. Qf4 Qf8 19. Qg5 Bh6 20. Qg3 Rc8 21.
f4 Nf7 22. Qg4 Rxe4 23. Nf6 Rd4 24. Qh4 g5 25. Qh5 gxf4 26. g4 fxg3 27. Qf5 Ng5
28. h4 Nh3+ 29. Qxh3 Be3+ 30. Kg2 Rd2+ 31. Kxg3 Bd4 32. Qf5 Qg7+ 33. Ng4 Be5+
34. Rf4 Bxf4+ 35. Qxf4 Rd4 36. Qf5 Rg8 37. Qf2 Qxg4+ 38. Kh2 Rf4 39. Qd2 Qg3+
40. Kh1 Qh3+ 41. Qh2 Rf1+ 42. Rxf1 Qxf1+ 43. Qg1 Qxg1# 0-1